Language Quiz

Random Language or Letter Quiz

17 Ways Not to Tame a 'Colt' Quiz Stats

 Plays Quiz not verified by Sporcle

Score 0/17 Timer 02:00
0 Plays Today
Hint Answer % Correct
Change the CBolt
99.1%
Change the CDolt
96.9%
Change the CMolt
96.6%
Change the OCelt
95.9%
Change the OCult
95.6%
Change the CHolt
94.8%
Change the CJolt
92.9%
Change the TCold
92.8%
Change the TCole
91.4%
Hint Answer % Correct
Change the LCost
90.9%
Change the TCola
90.6%
Change the LCoat
90.3%
Change the CVolt
90%
Change the TCols
82.6%
Change the CTolt
82.6%
Change the LCoot
82%
Change the LCoft
72%

You're not logged in!

Compare scores with friends on all Sporcle quizzes.
OR
Log In

Show Comments

Extras

Top Quizzes Today


Score Distribution

Your Account Isn't Verified!

In order to create a playlist on Sporcle, you need to verify the email address you used during registration. Go to your Sporcle Settings to finish the process.

Report this User

Report this user for behavior that violates our Community Guidelines.

Details: